Algunos de mis recuerdos de Ignacio Zuloaga (Record no. 4614)

MARC details
000 -LEADER
campo de control de longitud fija 01045njm a2200253 i 4500
001 - NÚMERO DE CONTROL
campo de control 4614
003 - IDENTIFICADOR DE NÚMERO DE CONTROL
campo de control ES-MaACL
007 - CAMPO FIJO DE DESCRIPCIÓN FÍSICA--INFORMACIÓN GENERAL
campo de control de longitud fija s|r|||||||||||
008 - DATOS DE LONGITUD FIJA--INFORMACIÓN GENERAL
campo de control de longitud fija 070801n1964 sp ||| g ||||||||1|nspa d
100 1# - ENTRADA PRINCIPAL--NOMBRE DE PERSONA
Nombre de persona Díaz-Cañabate, Antonio,
Fechas asociadas al nombre 1898-1980
9 (RLIN) 44194
245 10 - MENCIÓN DEL TÍTULO
Título Algunos de mis recuerdos de Ignacio Zuloaga
Medio [Grabación sonora] /
Mención de responsabilidad, etc. interviene Antonio Díaz-Cañabate.
260 ## - PUBLICACIÓN, DISTRIBUCIÓN, ETC.
Lugar de publicación, distribución, etc. Madrid :
Nombre del editor, distribuidor, etc. Ateneo de Madrid,
Fecha de publicación, distribución, etc. 1964.
300 ## - DESCRIPCIÓN FÍSICA
Extensión 1 disco (CD-DA) (36 min. 10 seg.) ;
Dimensiones 12 cm.
490 1# - MENCIÓN DE SERIE
Mención de serie Actos independientes
500 ## - NOTA GENERAL
Nota general Datos basados en invitación.
518 ## - NOTA DE FECHA/HORA Y LUGAR DE UN ACONTECIMIENTO
Nota de fecha/hora y lugar de un acontecimiento Acto organizado por el Aula de Literatura del Ateneo de Madrid, grabado en el salón de actos el miércoles 18 de noviembre de 1964.
600 14 - PUNTO DE ACCESO ADICIONAL DE MATERIA--NOMBRE DE PERSONA
Nombre de persona Zuloaga, Ignacio.
9 (RLIN) 118463
610 24 - PUNTO DE ACCESO ADICIONAL DE MATERIA--NOMBRE DE ENTIDAD CORPORATIVA
Nombre de entidad corporativa o nombre de jurisdicción como elemento de entrada Ateneo de Madrid-
Subdivisión general Actos culturales-
Subdivisión cronológica 1964-
Subdivisión de forma Grabaciones sonoras.
9 (RLIN) 1878
710 2# - ENTRADA AGREGADA--NOMBRE DE ENTIDAD CORPORATIVA
Nombre de entidad corporativa o nombre de jurisdicción como elemento de entrada Ateneo de Madrid.
Unidad subordinada Aula de Literatura.
9 (RLIN) 1943
830 0# - PUNTO DE ACCESO ADICIONAL DE SERIE-TÍTULO UNIFORME
Título uniforme Actos independientes
9 (RLIN) 177078
852 ## - LOCALIZACIÓN
Ubicación ES-MaACL
Número de control de estantería ROT 3/1/9
itemnumber 4731
Ubicación en estantería Rotativo
942 ## - ELEMENTOS DE ENTRADA SECUNDARIOS (KOHA)
Fuente del sistema de clasificación o colocación Clasificación decimal universal
Holdings
Estatus retirado Estado de pérdida Fuente del sistema de clasificación o colocación Estado de daño No para préstamo Colección Biblioteca de origen Biblioteca actual Ubicación en estantería Fecha de adquisición Total de préstamos Signatura topográfica completa Código de barras Visto por última vez Precio de reemplazo Tipo de ítem Koha
    Clasificación decimal universal     Archivo de la palabra Biblioteca del Ateneo de Madrid Biblioteca del Ateneo de Madrid Rotativo 17/01/2008   ROT 3/1/9 1004677 23/02/2023 23/02/2023 Archivo de ordenador en CD-ROM, CD o disquete